00682nam a2200217 a 45000010005000000030005000050050017000100080041000270200015000680400026000832450058001092600021001672600046001883000017002344900035002515000060002866500046003466500019003927100013004117100040004245357CDMR20151026133602.0130130s1993||||||||||||||||||||||||||||d a8481120057 aCDMRbcatcCPC GIRONA00aNews Media and European Unityb: preliminary studies  bFundescoaMadrid c1993bAssociation of European Journalists a63 p.c30 cm0 a1993 Fundesco's annual reports aA la coberta: Findings of the EC Press Research Project04aMitjans de comunicació de massazEuropa04aUnió Europea2 aFUNDESCO2 aAssociation of European Journalists